Представление документа в формате MARC21

Поле Инд. ПП Название Значение
Тип записи a
Библиографический уровень b
001 Контрольный номер RU/IS/BASE/148579888
005 Дата корректировки 20200630193246.0
084 a Индекс другой классификации/Индекс ББК 60.561.51; 60.524.224.67
100 10 a Автор Медкова М. В.
100 1_ a Автор Проневская И. В.
245 00 a Заглавие Имидж семьи в рекламе на телевидении
504 00 a Библиография Библиогр. ссылки
520 00 a Аннотация В статье рассматривается образ семьи, предлагаемый телевизионной рекламой
650 a Основная рубрика реклама
a Основная рубрика социология
a Основная рубрика социология семьи
653 00 a Ключевые слова демографический кризис
a Ключевые слова имидж семьи
a Ключевые слова образ семьи
a Ключевые слова семья
a Ключевые слова социология рекламы
a Ключевые слова социология телевидения
a Ключевые слова средства массовой информации (СМИ)
a Ключевые слова телевизионная реклама
773 00 t Заглавие источника Вестник Московского университета. Серия 18, Социология и политология
d Дата издания источника 2000
g Прочая информация № 4. - С. 83 - 87
w Контрольный № источника RU/IS/BASE/148579478
901 t Тип документа b